[Event "1. OEsterreichische Internet Schach Meisterschaft - Vorrunde 3"]
[Site "Online - Playchess.com"]
[Date ""]
[Round "6"]
[Board "30"]
[White "Nisavic, Uros"]
[Black "Schernthaner, David"]
[Result "1/2-1/2"]
[WhiteElo "2073"]
[BlackElo "2220"]
[PlyCount "108"]
[EventDate "2020.04.17"]
[EventRounds "9"]
[EventCountry "AUT"]

1. d4 Nf6 2. c4 g6 3. Nc3 d5 4. cxd5 Nxd5 5. e4 Nxc3 6. bxc3 Bg7 7. Nf3 c5 8. Be3
Qa5 9. Qd2 O-O 10. Rc1 Rd8 11. Be2 Bg4 12. d5 Nc6 13. O-O Bxf3 14. gxf3 b6 15. Rfd1
e6 16. Bg5 f6 17. Bh6 exd5 18. exd5 Ne5 19. Bxg7 Kxg7 20. f4 Nf7 21. c4 Qxd2 22.
Rxd2 Nd6 23. Bd3 Re8 24. Kf1 f5 25. Re1 Rxe1+ 26. Kxe1 Re8+ 27. Kf1 Kf6 28. a4 Ne4
29. Ra2 Re7 30. a5 Nd6 31. axb6 axb6 32. Ra8 Rb7 33. Rd8 Nf7 34. Re8 Kg7 35. Re6
Nd8 36. Rd6 Nf7 37. Rc6 Nd8 38. Rc8 Nf7 39. h4 Ra7 40. Rc6 Ra1+ 41. Kg2 Ra3 42. Be2
Ra2 43. Bf3 Rb2 44. d6 Kf6 45. Bd5 b5 46. d7+ Ke7 47. Bxf7 Kxd7 48. Bd5 bxc4 49.
Rxc5 Kd6 50. Rxc4 Kxd5 51. Rc7 Ke4 52. Rxh7 Kxf4 53. Rg7 Kg4 54. Rxg6+ Kxh4  1/2-1/2

[Event "1. OEsterreichische Internet Schach Meisterschaft - Vorrunde 3"]
[Site "Online - Playchess.com"]
[Date ""]
[Round "6"]
[Board "31"]
[White "Riemelmoser, Stefan"]
[Black "Ofner, Maximilian"]
[Result "0-1"]
[WhiteElo "2046"]
[BlackElo "2177"]
[PlyCount "102"]
[EventDate "2020.04.17"]
[EventRounds "9"]
[EventCountry "AUT"]

1. e4 c6 2. d4 d5 3. exd5 cxd5 4. c4 Nf6 5. Nc3 Nc6 6. Nf3 g6 7. Qb3 Bg7 8. cxd5
Nb8 9. Be2 O-O 10. O-O Na6 11. Bf4 Nc7 12. Bxc7 Qxc7 13. Rac1 Qd6 14. Ne5 a6 15.
Nc4 Qf4 16. Nb6 Rb8 17. Qb4 Bg4 18. h3 Bxe2 19. Nxe2 Qg5 20. Ng3 Nxd5 21. Nxd5 Qxd5
22. Qxe7 Qxd4 23. Rc2 b5 24. b3 a5 25. Re2 a4 26. Rc1 axb3 27. axb3 Bf6 28. Qc5 Qxc5
29. Rxc5 Rfc8 30. Ne4 Rxc5 31. Nxc5 Bc3 32. Rc2 b4 33. Ne4 Rc8 34. Kf1 f5 35. Nxc3
bxc3 36. Ke2 Kf7 37. Kd3 Ke6 38. Rxc3 Rd8+ 39. Ke2 Rb8 40. Ke3 g5 41. Kd3 Ke5 42.
g3 Rb5 43. Kc4 Rb8 44. b4 f4 45. b5 fxg3 46. fxg3 h5 47. Rb3 Ke4 48. b6 g4 49. hxg4
hxg4 50. Kc5 Rc8+ 51. Kd6 Rf8  0-1

[Event "1. OEsterreichische Internet Schach Meisterschaft - Vorrunde 3"]
[Site "Online - Playchess.com"]
[Date ""]
[Round "6"]
[Board "32"]
[White "Juenger, Heinz"]
[Black "Dreher, David"]
[Result "0-1"]
[WhiteElo "2165"]
[BlackElo "1888"]
[PlyCount "116"]
[EventDate "2020.04.17"]
[EventRounds "9"]
[EventCountry "AUT"]

1. e4 e5 2. Nf3 Nf6 3. Nxe5 d6 4. Nf3 Nxe4 5. d3 Nf6 6. d4 d5 7. Bd3 Bd6 8. Qe2+
Qe7 9. Qxe7+ Bxe7 10. Bf4 c6 11. O-O O-O 12. Re1 Bd8 13. Nbd2 Be6 14. Nb3 Nbd7 15.
h3 h6 16. Nc5 Nxc5 17. dxc5 Re8 18. Nd4 Ba5 19. c3 Bd7 20. b4 Bd8 21. a4 a6 22. f3
Be7 23. Nf5 Bxf5 24. Bxf5 g6 25. Bd3 Kg7 26. Be5 Kf8 27. Bd4 Nd7 28. a5 Bf6 29. Kf2
Rxe1 30. Rxe1 Re8 31. Rxe8+ Kxe8 32. g3 Bxd4+ 33. cxd4 Ke7 34. Ke3 Nf6 35. g4 Ne8
36. Kf4 Kf6 37. Kg3 Ng7 38. h4 g5 39. Kh3 Ke6 40. Kg3 f6 41. f4 Kf7 42. Bc2 Ke6 43.
Bd3 Kf7 44. Bb1 Ke6 45. Bg6 Ke7 46. Bh7 Ne6 47. fxg5 fxg5 48. hxg5 hxg5 49. Bf5 Nxd4
50. Bc8 Nc2 51. Bxb7 Nxb4 52. Kf3 Kd7 53. Ke3 Kc7 54. Ba8 Kb8 55. Kd4 Kxa8 56. Ke5
Kb7 57. Kf5 d4 58. Kxg5 d3  0-1

[Event "1. OEsterreichische Internet Schach Meisterschaft - Vorrunde 3"]
[Site "Online - Playchess.com"]
[Date ""]
[Round "6"]
[Board "33"]
[White "Doskocil, Klaus"]
[Black "Milanollo, Mario"]
[Result "1-0"]
[WhiteElo "2157"]
[BlackElo "2053"]
[PlyCount "127"]
[EventDate "2020.04.17"]
[EventRounds "9"]
[EventCountry "AUT"]

1. e4 c5 2. Nf3 d6 3. d4 cxd4 4. Nxd4 Nf6 5. Nc3 a6 6. Be2 e5 7. Nb3 Be6 8. O-O Be7
9. Be3 b5 10. a3 Qc7 11. Qd2 Nbd7 12. Rad1 Rc8 13. Kh1 O-O 14. f4 exf4 15. Bxf4 Ne5
16. Qe3 Bc4 17. Nd4 Bxe2 18. Qxe2 Rfe8 19. Bxe5 dxe5 20. Nf5 Bxa3 21. Nd5 Nxd5 22.
exd5 Bf8 23. d6 Qxc2 24. Qg4 Re6 25. d7 Rd8 26. Ne3 Qc7 27. Nd5 Qxd7 28. h4 Rd6 29.
Nf6+ Rxf6 30. Rxd7 Rxf1+ 31. Kh2 Rxd7 32. Qxd7 Rf6 33. Qe8 Re6 34. Qc8 e4 35. Kg1
e3 36. Kf1 g6 37. Ke2 h5 38. b3 Kg7 39. Qd7 Kf6 40. Qd4+ Ke7 41. Qc5+ Ke8 42. Qc8+
Ke7 43. g3 Bg7 44. Qc7+ Kf6 45. Qd8+ Kf5 46. Qg8 Kf6 47. Qd8+ Re7 48. Qd4+ Re5 49.
Qc3 Kf5 50. Qc8+ Ke4 51. Qc6+ Rd5 52. Qxa6 Rd2+ 53. Ke1 Bc3 54. Qb7+ Kd3 55. Qd5+
Kc2 56. Qe4+ Rd3+ 57. Ke2 Kxb3 58. Qxd3 b4 59. Kxe3 Kb2 60. Qc4 Kc2 61. Qa2+ Kc1
62. Qb3 f6 63. Kd3 g5 64. Qc2#  1-0

[Event "1. OEsterreichische Internet Schach Meisterschaft - Vorrunde 3"]
[Site "Online - Playchess.com"]
[Date ""]
[Round "6"]
[Board "34"]
[White "Strasser, Josef"]
[Black "Wagner, Leopold Franziskus"]
[Result "0-1"]
[WhiteElo "1829"]
[BlackElo "2168"]
[PlyCount "88"]
[EventDate "2020.04.17"]
[EventRounds "9"]
[EventCountry "AUT"]

1. d4 Nf6 2. Nf3 e6 3. Bf4 Be7 4. h3 O-O 5. e3 b6 6. Nbd2 Bb7 7. Be2 d6 8. O-O Nbd7
9. c4 c5 10. dxc5 bxc5 11. b3 Re8 12. Re1 e5 13. Bg5 Nf8 14. Qc2 Ne6 15. Bh4 Qc7
16. Rad1 h6 17. Bxf6 Bxf6 18. Ne4 Be7 19. Ng3 g6 20. Rd2 Kg7 21. Red1 f5 22. Nh4
Bxh4 23. Rxd6 Rad8 24. Rxd8 Rxd8 25. Rxd8 Qxd8 26. Nh1 Bf6 27. f3 e4 28. f4 g5 29.
g3 Qa5 30. Kf1 Qc3 31. Qxc3 Bxc3 32. Kf2 Kf6 33. Bd1 a5 34. Ke2 h5 35. Nf2 h4 36.
Nh1 hxg3 37. Nxg3 gxf4 38. exf4 Nxf4+ 39. Ke3 Ke5 40. Ne2 Bd4+ 41. Kd2 Nxe2 42. Kxe2
f4 43. h4 f3+ 44. Kf1 e3  0-1

[Event "1. OEsterreichische Internet Schach Meisterschaft - Vorrunde 3"]
[Site "Online - Playchess.com"]
[Date ""]
[Round "6"]
[Board "35"]
[White "Wimmer, Kevin"]
[Black "Teuschler, Hugo"]
[Result "1-0"]
[WhiteElo "1944"]
[BlackElo "2055"]
[PlyCount "69"]
[EventDate "2020.04.17"]
[EventRounds "9"]
[EventCountry "AUT"]

1. e4 c5 2. Nf3 d6 3. Bb5+ Nd7 4. O-O a6 5. Bd3 b5 6. c4 Rb8 7. b3 Ngf6 8. Re1 g6
9. Bb2 Bg7 10. Nc3 O-O 11. cxb5 axb5 12. Bxb5 Nb6 13. h3 Bb7 14. d3 e6 15. a4 d5
16. a5 Nc8 17. a6 Ba8 18. e5 Nh5 19. a7 Rb6 20. Ba4 Qc7 21. Nb5 Qe7 22. d4 Qb7 23.
dxc5 Rxb5 24. Bxb5 Qxb5 25. Bd4 Qb7 26. Re3 Nxa7 27. Qd2 Nc6 28. Bc3 Rb8 29. b4 Bh6
30. Qd3 Bxe3 31. Qxe3 Ng7 32. Qh6 Nf5 33. Qg5 d4 34. Bd2 Nxb4 35. g4  1-0

[Event "1. OEsterreichische Internet Schach Meisterschaft - Vorrunde 3"]
[Site "Online - Playchess.com"]
[Date ""]
[Round "6"]
[Board "36"]
[White "Maierhofer, Johann"]
[Black "Guetz, Wolfgang"]
[Result "1-0"]
[WhiteElo "2087"]
[BlackElo "2078"]
[PlyCount "89"]
[EventDate "2020.04.17"]
[EventRounds "9"]
[EventCountry "AUT"]

1. e4 c5 2. c4 d6 3. Nc3 Nc6 4. g3 Nf6 5. Bg2 g6 6. Nge2 Bg7 7. O-O O-O 8. d3 h6
9. h3 Be6 10. Be3 a6 11. f4 Rb8 12. Qd2 Kh7 13. g4 h5 14. g5 Ne8 15. Nd5 b5 16. f5
Bxd5 17. cxd5 Ne5 18. Rac1 c4 19. d4 Nd3 20. Rcd1 b4 21. Nf4 Nxf4 22. Bxf4 Qa5 23.
f6 exf6 24. gxf6 Bxf6 25. e5 dxe5 26. dxe5 Bg7 27. d6 c3 28. bxc3 bxc3 29. Qd5 Rb5
30. Qc6 Bxe5 31. Bxe5 Rxe5 32. d7 Ng7 33. Rxf7 Rxf7 34. d8=Q Qxd8 35. Rxd8 Re1+ 36.
Kh2 Re2 37. Qc8 Kh6 38. Rh8+ Kg5 39. Qxc3 Rff2 40. Qc1+ Kf6 41. Rf8+ Ke5 42. Qc3+
Ke6 43. Rxf2 Rxf2 44. Qxg7 Kf5 45. Qf7+  1-0

[Event "1. OEsterreichische Internet Schach Meisterschaft - Vorrunde 3"]
[Site "Online - Playchess.com"]
[Date ""]
[Round "6"]
[Board "37"]
[White "Wiedermann, Daniel"]
[Black "Balint, Peter"]
[Result "0-1"]
[WhiteElo "2048"]
[BlackElo "2105"]
[PlyCount "88"]
[EventDate "2020.04.17"]
[EventRounds "9"]
[EventCountry "AUT"]

1. d4 Nf6 2. c4 g6 3. f3 d5 4. cxd5 Nxd5 5. e4 Nb6 6. Nc3 Bg7 7. Be3 O-O 8. Qd2 Nc6
9. O-O-O a5 10. h4 a4 11. h5 a3 12. b3 e5 13. d5 Nd4 14. Nge2 c5 15. hxg6 fxg6 16.
Bh6 Qe7 17. Bxg7 Qxg7 18. Ng3 Bd7 19. Qg5 Rfc8 20. Bc4 Nxc4 21. bxc4 b5 22. cxb5
Rcb8 23. Qh6 Bxb5 24. Qxg7+ Kxg7 25. Nf1 Bc4 26. Rd2 Rb4 27. Ne3 Ba6 28. Nc2 Rc4
29. Nb1 Rb8 30. Nbxa3 Rc3 31. Nb1 Rc4 32. Nba3 Ra4 33. Re1 Nxc2 34. Nxc2 Rxa2 35.
Re3 Rab2 36. Rf2 Rb1+ 37. Kd2 R8b2 38. Ra3 Bc4 39. Ra7+ Kh6 40. Kc3 Bb5 41. g4 Rb3+
42. Kd2 Rd3+ 43. Ke2 Rdd1+ 44. Ke3 Rb3#  0-1

[Event "1. OEsterreichische Internet Schach Meisterschaft - Vorrunde 3"]
[Site "Online - Playchess.com"]
[Date ""]
[Round "6"]
[Board "39"]
[White "Flir, Emilio"]
[Black "Missethan, Michael"]
[Result "1/2-1/2"]
[WhiteElo "1843"]
[BlackElo "2015"]
[PlyCount "138"]
[EventDate "2020.04.17"]
[EventRounds "9"]
[EventCountry "AUT"]

1. d4 d5 2. c4 e6 3. Nc3 Nf6 4. cxd5 exd5 5. Bg5 Be7 6. e3 c6 7. Bd3 Nbd7 8. Qc2
O-O 9. Nge2 Re8 10. O-O Nf8 11. Rae1 Ng6 12. f3 Nd7 13. Bxe7 Qxe7 14. e4 Nb6 15.
Ng3 Qb4 16. Qf2 Nf4 17. Bb1 Bd7 18. e5 Nc4 19. Qc2 g6 20. b3 Na3 21. Qd2 Nxb1 22.
Rxb1 Ne6 23. f4 Qxd4+ 24. Qxd4 Nxd4 25. Rbd1 Nf5 26. Nxf5 Bxf5 27. h3 Rad8 28. g4
Be4 29. Nxe4 dxe4 30. Kf2 c5 31. Ke3 Kf8 32. Kxe4 Ke7 33. Rd5 Rxd5 34. Kxd5 b6 35.
Kc6 Rd8 36. Kb7 Rd7+ 37. Kb8 b5 38. f5 Rd5 39. fxg6 fxg6 40. Kxa7 Rxe5 41. Kb6 c4
42. bxc4 bxc4 43. Rc1 Re2 44. a4 Ra2 45. a5 Kf6 46. Rxc4 Kg5 47. Rb4 Kh4 48. Rb3
Rf2 49. a6 Rf6+ 50. Kb7 Rf7+ 51. Kb6 Rf6+ 52. Ka5 Rf8 53. a7 Ra8 54. Ka6 Re8 55.
Rb8 Re1 56. a8=Q Ra1+ 57. Kb7 Rxa8 58. Rxa8 Kxh3 59. Rh8 Kxg4 60. Rxh7 g5 61. Kc6
Kf3 62. Kd5 g4 63. Rf7+ Ke3 64. Ke5 g3 65. Rg7 Kf3 66. Rf7+ Ke3 67. Kf5 g2 68. Rg7
Kf2 69. Rxg2+ Kxg2  1/2-1/2

[Event "1. OEsterreichische Internet Schach Meisterschaft - Vorrunde 3"]
[Site "Online - Playchess.com"]
[Date ""]
[Round "6"]
[Board "40"]
[White "Lerch, Johannes"]
[Black "Schroettner, Tobias Julian"]
[Result "1-0"]
[WhiteElo "2005"]
[BlackElo "1503"]
[PlyCount "115"]
[EventDate "2020.04.17"]
[EventRounds "9"]
[EventCountry "AUT"]

1. e4 c6 2. Nc3 d5 3. Nf3 dxe4 4. Nxe4 Nf6 5. Qe2 Nxe4 6. Qxe4 Nd7 7. Bc4 e6 8. d4
Nf6 9. Qe2 Be7 10. O-O b5 11. Bd3 Bb7 12. c3 O-O 13. h3 a6 14. Be3 Nd5 15. Rad1 Qc7
16. Rfe1 Nf4 17. Bxf4 Qxf4 18. Qe4 Qxe4 19. Bxe4 Rab8 20. Ne5 c5 21. Nd7 Rfd8 22.
Nxb8 Bxe4 23. Rxe4 Rxb8 24. dxc5 Bxc5 25. Re2 Kf8 26. Red2 Ke8 27. Kf1 Rb7 28. Ke2
Ke7 29. f3 Bb6 30. Rd3 Bc5 31. g4 Rb8 32. Rd7+ Kf6 33. f4 h5 34. Rc7 Bb6 35. Rc6
a5 36. Rdd6 Bd8 37. f5 Be7 38. Rd3 hxg4 39. hxg4 Ke5 40. fxe6 fxe6 41. Re3+ Kd5 42.
Rcxe6 Bf6 43. Re8 Rb7 44. Kd3 Rd7 45. Kc2 Kc6 46. R8e6+ Kb7 47. Rg3 Bg5 48. Rg2 a4
49. Rg6 Bf6 50. g5 Be5 51. Re6 Bc7 52. g6 Bd8 53. Rf2 Bf6 54. Rexf6 gxf6 55. Rxf6
Kc8 56. Rf7 Rd8 57. g7 Rg8 58. Rf8+  1-0

[Event "1. OEsterreichische Internet Schach Meisterschaft - Vorrunde 3"]
[Site "Online - Playchess.com"]
[Date ""]
[Round "6"]
[Board "41"]
[White "Kepplinger, Lukas"]
[Black "Kozissnik, Christian"]
[Result "0-1"]
[WhiteElo "2014"]
[BlackElo "2023"]
[PlyCount "112"]
[EventDate "2020.04.17"]
[EventRounds "9"]
[EventCountry "AUT"]

1. d4 d6 2. Nf3 g6 3. c4 Bg7 4. Nc3 Nd7 5. e4 e5 6. d5 Ne7 7. Bd3 O-O 8. O-O Nc5
9. Be3 Nxd3 10. Qxd3 f5 11. h3 fxe4 12. Nxe4 Bf5 13. Nfd2 b6 14. Qe2 h6 15. Ng3 Bd7
16. Rab1 Nf5 17. Nxf5 Bxf5 18. Rbe1 g5 19. Nf3 Qd7 20. Nh2 Qa4 21. b3 Qb4 22. Bd2
Qa3 23. Bc1 Qb4 24. Ng4 Qc3 25. Ne3 Bd3 26. Qg4 Bxf1 27. Rxf1 Qd3 28. Qe6+ Kh8 29.
Qd7 Rac8 30. Ng4 Qf5 31. Qa4 a5 32. Ne3 Qe4 33. Qd7 Qg6 34. Ng4 Qe8 35. Qxe8 Rcxe8
36. Be3 Kh7 37. a4 Kg6 38. Nh2 h5 39. Nf3 Bh6 40. Nd2 g4 41. Bxh6 Kxh6 42. Ne4 Rf4
43. Ng3 gxh3 44. gxh3 Rg8 45. Kh2 Rf3 46. Ne4 Rxb3 47. Nf6 Rg6 48. Ne4 Rf3 49. Ng3
Rg8 50. Kg2 Rgf8 51. Ne4 R3f4 52. Ng3 Rg8 53. Kh2 h4 54. Ne2 Rxc4 55. f4 exf4 56.
Nxf4 Rf8  0-1

[Event "1. OEsterreichische Internet Schach Meisterschaft - Vorrunde 3"]
[Site "Online - Playchess.com"]
[Date ""]
[Round "6"]
[Board "42"]
[White "Knoll, Martin"]
[Black "Simon, Christopher"]
[Result "0-1"]
[WhiteElo "2018"]
[BlackElo "1824"]
[PlyCount "74"]
[EventDate "2020.04.17"]
[EventRounds "9"]
[EventCountry "AUT"]

1. d4 Nf6 2. Nc3 g6 3. e4 d6 4. f4 Bg7 5. Bc4 O-O 6. Nf3 Nxe4 7. Bxf7+ Rxf7 8. Nxe4
Nc6 9. c3 Bf5 10. Neg5 Rf8 11. O-O h6 12. Qb3+ Kh8 13. Nf7+ Rxf7 14. Qxf7 d5 15.
Ne5 Nxe5 16. fxe5 Qd7 17. e6 Bxe6 18. Qxg6 Rg8 19. Bxh6 Bxd4+ 20. cxd4 Rxg6 21. Bf4
Bh3 22. Be5+ Kh7 23. g3 Bf5 24. Rf4 Rg4 25. Raf1 Rxf4 26. Rxf4 Bg6 27. Rh4+ Kg8 28.
g4 Qb5 29. Rh6 Kf7 30. h4 Qc4 31. Rh8 Qc1+ 32. Kf2 Qd2+ 33. Kg3 Qe3+ 34. Kh2 Qf2+
35. Kh3 Be4 36. h5 Bd3 37. g5 Bf5#  0-1

[Event "1. OEsterreichische Internet Schach Meisterschaft - Vorrunde 3"]
[Site "Online - Playchess.com"]
[Date ""]
[Round "6"]
[Board "43"]
[White "Kern, Michael"]
[Black "Gartmayer, Stefan"]
[Result "1-0"]
[WhiteElo "1957"]
[BlackElo "1914"]
[PlyCount "91"]
[EventDate "2020.04.17"]
[EventRounds "9"]
[EventCountry "AUT"]

1. d4 d5 2. Bf4 Nf6 3. e3 e6 4. Nd2 c5 5. c3 Nc6 6. Ngf3 Bd6 7. Bg3 O-O 8. Bd3 b6
9. e4 dxe4 10. Nxe4 Be7 11. dxc5 bxc5 12. Nxf6+ Bxf6 13. Qc2 g6 14. h4 e5 15. O-O-O
Qa5 16. Kb1 Be6 17. c4 Nb4 18. Qb3 Rab8 19. Bxe5 Nxd3 20. Qxd3 Rfd8 21. Qe2 Bxe5
22. Nxe5 Bf5+ 23. Ka1 Re8 24. g4 Qb4 25. gxf5 a5 26. fxg6 hxg6 27. a3 Qb3 28. h5
g5 29. h6 f6 30. h7+ Kg7 31. f4 fxe5 32. fxe5 Re6 33. Rdg1 Rg6 34. e6 Rh8 35. e7
Qb8 36. Qe5+ Qxe5 37. Rf1 Rf6 38. Re1 Qf5 39. e8=Q Rxe8 40. Rxe8 Rf8 41. h8=Q+ Rxh8
42. Rexh8 Qf1+ 43. Rxf1 Kxh8 44. Rg1 Kg7 45. Rxg5+ Kf6 46. Rxc5  1-0

[Event "1. OEsterreichische Internet Schach Meisterschaft - Vorrunde 3"]
[Site "Online - Playchess.com"]
[Date ""]
[Round "6"]
[Board "44"]
[White "Kravanja, Georg"]
[Black "Steindl, Johannes"]
[Result "1-0"]
[WhiteElo "2199"]
[BlackElo "2278"]
[PlyCount "63"]
[EventDate "2020.04.17"]
[EventRounds "9"]
[EventCountry "AUT"]

1. d4 Nf6 2. c4 g6 3. g3 Bg7 4. Bg2 O-O 5. Nc3 Nc6 6. Nf3 d5 7. Ne5 Be6 8. Nxc6 bxc6
9. c5 Qc8 10. O-O Bh3 11. Qa4 Qe6 12. Bf4 Nh5 13. Bxc7 Bxg2 14. Kxg2 Rfc8 15. Ba5
Qg4 16. e3 e5 17. dxe5 Qxa4 18. Nxa4 Bxe5 19. Bc3 f6 20. Rab1 Rab8 21. b4 Ng7 22.
Bxe5 fxe5 23. Nc3 Ne6 24. a4 a5 25. b5 Nxc5 26. bxc6 Rxb1 27. Rxb1 Rxc6 28. Nxd5
Rd6 29. Nb6 e4 30. Rb5 Nd3 31. Nd5 Rd7 32. Nf6+  1-0

[Event "1. OEsterreichische Internet Schach Meisterschaft - Vorrunde 3"]
[Site "Online - Playchess.com"]
[Date ""]
[Round "6"]
[Board "45"]
[White "Fuchs, Georg"]
[Black "Steiner, Adam"]
[Result "1/2-1/2"]
[WhiteElo "2211"]
[BlackElo "2251"]
[PlyCount "204"]
[EventDate "2020.04.17"]
[EventRounds "9"]
[EventCountry "AUT"]

1. e4 c6 2. d4 d5 3. Nc3 dxe4 4. Nxe4 Nd7 5. Nf3 Ngf6 6. Nxf6+ Nxf6 7. Bd3 Bg4 8.
c3 e6 9. O-O Bd6 10. h3 Bh5 11. Bg5 Qc7 12. b4 Nd5 13. Bd2 Bf4 14. c4 Bxd2 15. Qxd2
Bxf3 16. gxf3 Nf4 17. h4 Rd8 18. Be4 O-O 19. Rfd1 e5 20. d5 cxd5 21. cxd5 Qe7 22.
Qc3 Qxh4 23. Qxe5 Nh3+ 24. Kg2 Rfe8 25. Qg3 Qxg3+ 26. fxg3 Ng5 27. Re1 Nxe4 28. fxe4
f6 29. Rad1 Rd6 30. Kf3 Kf7 31. Rc1 Re7 32. Rc8 f5 33. Rc5 b6 34. Rc6 fxe4+ 35. Rxe4
Rxd5 36. Rf4+ Ke8 37. Rc8+ Kd7 38. Rff8 Rd3+ 39. Kg4 Rd4+ 40. Kh3 Rxb4 41. Rfd8+
Ke6 42. Rc6+ Kf7 43. Rh8 h6 44. Rd8 Rb2 45. a4 Rb4 46. a5 bxa5 47. Ra6 a4 48. Rd5
Rbe4 49. Rf5+ Kg8 50. Rfa5 Rb4 51. Rc5 Kh7 52. Rf5 Rc4 53. Rfa5 Rd4 54. Rb5 Rde4
55. Rba5 Rb4 56. Rc5 Rb3 57. Rxa4 Ree3 58. Rg4 Rb7 59. Ra5 g6 60. Ra6 Rg7 61. Rga4
Ree7 62. Kh4 h5 63. g4 hxg4 64. Kxg4 Rgf7 65. Ra2 Kg7 66. Kg5 Re5+ 67. Kg4 Ree7 68.
Kg5 Rf5+ 69. Kg4 Rfe5 70. Rxa7 Re4+ 71. Kg5 R4e5+ 72. Kg4 Kf6 73. R2a6+ R7e6 74.
Rxe6+ Rxe6 75. Ra4 Rb6 76. Rc4 Rd6 77. Ra4 Rd1 78. Ra6+ Kg7 79. Ra7+ Kh6 80. Ra6
Rb1 81. Rc6 Rb3 82. Ra6 Rb4+ 83. Kg3 Kh5 84. Ra8 Rb3+ 85. Kg2 g5 86. Ra4 g4 87. Ra8
Kh4 88. Rh8+ Kg5 89. Rg8+ Kf4 90. Rf8+ Ke4 91. Rf7 Rf3 92. Rxf3 gxf3+ 93. Kf2 Kf4
94. Kf1 Ke4 95. Kf2 Kf4 96. Kf1 Kg3 97. Kg1 Kh4 98. Kf2 Kg4 99. Kf1 Kg3 100. Kg1
Kf4 101. Kf2 Kg4 102. Kf1 Kg3  1/2-1/2

[Event "1. OEsterreichische Internet Schach Meisterschaft - Vorrunde 3"]
[Site "Online - Playchess.com"]
[Date ""]
[Round "6"]
[Board "46"]
[White "Schein, Leopold"]
[Black "Hechl, Gerald"]
[Result "0-1"]
[WhiteElo "1584"]
[BlackElo "2333"]
[PlyCount "54"]
[EventDate "2020.04.17"]
[EventRounds "9"]
[EventCountry "AUT"]

1. Nf3 d5 2. g3 Nd7 3. d4 Nb6 4. Bg2 Bf5 5. O-O e6 6. Nh4 Bg4 7. h3 Bh5 8. Nd2 Be7
9. Nhf3 Nf6 10. b3 O-O 11. Bb2 a5 12. c4 c6 13. Rc1 a4 14. Qc2 axb3 15. axb3 Bg6
16. Qd1 Ra2 17. Ba1 Ne4 18. Nxe4 Bxe4 19. Nd2 Bxg2 20. Kxg2 Bf6 21. Rc2 Qa8 22. Rxa2
Qxa2 23. e4 dxc4 24. bxc4 Rd8 25. e5 Bxe5 26. dxe5 Rxd2 27. Qb1 Rxf2+  0-1

[Event "1. OEsterreichische Internet Schach Meisterschaft - Vorrunde 3"]
[Site "Online - Playchess.com"]
[Date ""]
[Round "6"]
[Board "47"]
[White "Bachlechner, Julian"]
[Black "Ragger, Anna-Christina"]
[Result "1-0"]
[WhiteElo "2214"]
[BlackElo "2204"]
[PlyCount "59"]
[EventDate "2020.04.17"]
[EventRounds "9"]
[EventCountry "AUT"]

1. d4 Nf6 2. c4 c5 3. d5 b5 4. cxb5 a6 5. b6 g6 6. Nc3 d6 7. e4 Bg7 8. h3 Nbd7 9.
Nf3 O-O 10. Nd2 Nxb6 11. a4 a5 12. Bb5 Ba6 13. Qe2 Bxb5 14. axb5 Nfd7 15. f4 f5 16.
O-O fxe4 17. Ndxe4 Nf6 18. Ng5 Qd7 19. Re1 Nbxd5 20. Nxd5 Nxd5 21. Qc4 e6 22. Nxe6
Rf5 23. g4 Nb6 24. Qa2 Rd5 25. Bd2 a4 26. f5 Be5 27. Bc3 Kh8 28. Nxc5 dxc5 29. Rxe5
Rxe5 30. Bxe5+  1-0

[Event "1. OEsterreichische Internet Schach Meisterschaft - Vorrunde 3"]
[Site "Online - Playchess.com"]
[Date ""]
[Round "6"]
[Board "48"]
[White "Auinger, Marcel"]
[Black "Schein, Karl-Heinz"]
[Result "1-0"]
[WhiteElo "1808"]
[BlackElo "2187"]
[PlyCount "97"]
[EventDate "2020.04.17"]
[EventRounds "9"]
[EventCountry "AUT"]

1. e4 e5 2. Nf3 Nc6 3. d4 exd4 4. Nxd4 Nf6 5. Nc3 Bb4 6. Nxc6 bxc6 7. Bd3 d5 8. exd5
cxd5 9. Bd2 O-O 10. O-O c6 11. Ne2 Bd6 12. Bf4 Be6 13. Qd2 Rb8 14. Bxd6 Qxd6 15.
c3 c5 16. Ng3 Rfd8 17. Rad1 d4 18. cxd4 cxd4 19. a3 Qb6 20. b4 Rbc8 21. Rc1 Qd6 22.
Rxc8 Rxc8 23. Rc1 Rd8 24. Rd1 a5 25. Bf1 axb4 26. Qxb4 Qf4 27. Ne2 Qg4 28. Rxd4 Rxd4
29. Qxd4 Qxd4 30. Nxd4 Bd5 31. Bb5 Kf8 32. a4 Ke7 33. Kf1 Kd6 34. Nf5+ Kc5 35. Nxg7
Ne4 36. f3 Nc3 37. Be8 Kb4 38. Nf5 Nxa4 39. Nh6 f6 40. Ng4 f5 41. Nh6 Be6 42. Kf2
Nb6 43. Bf7 Bc8 44. Bg8 Nc4 45. Bxh7 Nd6 46. Kg3 Kc4 47. Kf4 Kd3 48. Nxf5 Nc4 49.
Nd6+  1-0

[Event "1. OEsterreichische Internet Schach Meisterschaft - Vorrunde 3"]
[Site "Online - Playchess.com"]
[Date ""]
[Round "6"]
[Board "49"]
[White "Hatzl, Johannes"]
[Black "Hoelzl, Bernhard"]
[Result "1-0"]
[WhiteElo "2131"]
[BlackElo "1392"]
[PlyCount "39"]
[EventDate "2020.04.17"]
[EventRounds "9"]
[EventCountry "AUT"]

1. d4 d5 2. Bf4 Nf6 3. e3 e6 4. Nd2 Bd6 5. Bg3 b6 6. Ngf3 Nbd7 7. Bd3 c5 8. c3 a5
9. e4 dxe4 10. Nxe4 Nxe4 11. Bxe4 Rb8 12. Bxd6 Ba6 13. Bxb8 Qxb8 14. Bd3 Bb7 15.
O-O O-O 16. Qe2 Rd8 17. Be4 Bc8 18. Rad1 Nf6 19. dxc5 bxc5 20. Rxd8+  1-0

[Event "1. OEsterreichische Internet Schach Meisterschaft - Vorrunde 3"]
[Site "Online - Playchess.com"]
[Date ""]
[Round "6"]
[Board "50"]
[White "Polterauer, Chiara"]
[Black "Lichtl, Erich"]
[Result "1-0"]
[WhiteElo "2178"]
[BlackElo "2096"]
[PlyCount "121"]
[EventDate "2020.04.17"]
[EventRounds "9"]
[EventCountry "AUT"]

1. e4 c6 2. c4 d5 3. cxd5 cxd5 4. exd5 Nf6 5. Qa4+ Bd7 6. Qb3 Qb6 7. Qxb6 axb6 8.
Nc3 Bf5 9. Bc4 Nbd7 10. Nf3 g6 11. d3 Bg7 12. O-O O-O 13. Re1 Rfe8 14. Nb5 Rac8 15.
Be3 Nc5 16. Rad1 Bf8 17. b4 Na6 18. a3 Red8 19. Bxb6 Nxd5 20. Bxd8 Rxd8 21. h3 h5
22. Ng5 e6 23. Ne4 Bg7 24. Ned6 Rd7 25. Nxf5 gxf5 26. Rc1 Kh7 27. Rc2 Kg6 28. Rec1
Nb8 29. Rd2 Nc6 30. Rcd1 Nd4 31. Nxd4 Bxd4 32. Bxd5 Rxd5 33. Rc2 b6 34. a4 f4 35.
Rc4 e5 36. Kf1 Kf5 37. Ke2 Rd6 38. Rdc1 Rg6 39. Rg1 h4 40. Kf3 Rd6 41. Rd1 Ke6 42.
Ke4 f5+ 43. Kf3 Kd5 44. Rdc1 Rd8 45. Rc7 Ra8 46. a5 bxa5 47. bxa5 e4+ 48. dxe4+ fxe4+
49. Kxf4 Be5+ 50. Kg4 Bxc7 51. Rxc7 Rxa5 52. Kxh4 Ra2 53. Rf7 Kd4 54. Kg3 Ra6 55.
h4 Rg6+ 56. Kh3 e3 57. fxe3+ Kxe3 58. h5 Rg5 59. g4 Ke4 60. Kh4 Rg8 61. g5  1-0

[Event "1. OEsterreichische Internet Schach Meisterschaft - Vorrunde 3"]
[Site "Online - Playchess.com"]
[Date ""]
[Round "6"]
[Board "51"]
[White "Schwarz, Benedikt"]
[Black "Meglitsch, Konstantin"]
[Result "0-1"]
[WhiteElo "1815"]
[BlackElo "2041"]
[PlyCount "64"]
[EventDate "2020.04.17"]
[EventRounds "9"]
[EventCountry "AUT"]

1. d4 Nf6 2. Bf4 g6 3. Nc3 d5 4. e3 Bg7 5. Nf3 O-O 6. Bd3 c5 7. h3 Nc6 8. O-O Nh5
9. Bh2 a6 10. dxc5 e5 11. Be2 Be6 12. a3 f5 13. b4 Qd7 14. Nd2 Nf6 15. Na4 Qf7 16.
Nb6 Rad8 17. Qc1 g5 18. c3 g4 19. hxg4 Nxg4 20. Bxg4 fxg4 21. Bg3 h5 22. e4 d4 23.
cxd4 Nxd4 24. Ndc4 Ne2+ 25. Kh1 Nxc1 26. Raxc1 Bxc4 27. Nxc4 Rd4 28. Nxe5 Bxe5 29.
Bxe5 Rxe4 30. Bb2 g3 31. f3 Qe7 32. fxe4 Qh4+  0-1

[Event "1. OEsterreichische Internet Schach Meisterschaft - Vorrunde 3"]
[Site "Online - Playchess.com"]
[Date ""]
[Round "6"]
[Board "52"]
[White "Lammer, Michael"]
[Black "Streiter, Gerhard"]
[Result "0-1"]
[WhiteElo "1501"]
[BlackElo "1973"]
[PlyCount "34"]
[EventDate "2020.04.17"]
[EventRounds "9"]
[EventCountry "AUT"]

1. e4 c5 2. Bc4 d6 3. Bxf7+ Kxf7 4. Nf3 Nf6 5. Ng5+ Kg8 6. O-O h6 7. Nh3 Bxh3 8.
gxh3 Nc6 9. Qf3 Kh7 10. Qf5+ g6 11. Qe6 Qd7 12. Qf7+ Bg7 13. Nc3 Rhf8 14. Qb3 Nd4
15. Qc4 Qxh3 16. f4 Nf3+ 17. Kh1 Qxh2#  0-1